Controlled slow release of urea fertilisers from polymer matrices (Record no. 52324)

MARC details
000 -LEADER
fixed length control field 00489nam a2200145Ia 4500
100 ## - MAIN ENTRY--AUTHOR NAME
Personal name Abraham J.
245 #0 - TITLE STATEMENT
Title Controlled slow release of urea fertilisers from polymer matrices
260 ## - PUBLICATION, DISTRIBUTION, ETC. (IMPRINT)
Name of publisher Proceedings of the Seventh Kerala Science Congress, January 1995, Palakkad, India, pp. 63-65
Year of publication 1995
650 ## - SUBJECT ADDED ENTRY--TOPICAL TERM
Topical Term Controlled release fertilizer
650 ## - SUBJECT ADDED ENTRY--TOPICAL TERM
Topical Term Latex
650 ## - SUBJECT ADDED ENTRY--TOPICAL TERM
Topical Term Slow release fertilizer
700 ## - ADDED ENTRY--PERSONAL NAME
Personal name Pillai V.N.R.
942 ## - ADDED ENTRY ELEMENTS (KOHA)
Koha item type Bibliography STAF
Holdings
Withdrawn status Lost status Damaged status Not for loan Home library Current library Date acquired Koha item type
      Bibliography RRII Library RRII Library 09/04/2014 Bibliography STAF